[Event "Chateauroux op 15th"]
[Site "Chateauroux"]
[Date "2014.10.28"]
[Round "6"]
[White "Triboulet, Benjamin"]
[Black "Cassonnet, Arnaud"]
[Result "1-0"]
[WhiteElo "1654"]
[BlackElo "1730"]
[PlyCount "67"]
[EventDate "2014.10.25"]
[EventType "swiss"]
[EventRounds "7"]
[EventCountry "FRA"]
[SourceTitle "EXT 2015"]
[Source "ChessBase"]
[SourceDate "2014.11.20"]
[SourceVersion "1"]
[SourceVersionDate "2014.11.20"]
[SourceQuality "1"]

1. e4 d5 2. exd5 Qxd5 3. d4 Nc6 4. Nf3 Bg4 5. Be2 e6 6. c4 Qd8 7. d5 Nce7 8. Qa4+ c6 9. dxe6 Bxe6 10. Nc3 g6 11. 0-0 Nf6 12. Rd1 Qd7 13. Bg5 Bg7 14. Bxf6 Bxf6 15. Ne4 Bxb2 16. Nd6+ Kf8 17. Rab1 Bf6 18. Rxb7 Qd8 19. Nxf7 Qxd1+ 20. Bxd1 Bxf7 21. Rxa7 Rd8 22. Ra8 Kg7 23. Rxd8 Rxd8 24. Bb3 c5 25. Qa5 Rc8 26. h4 Nf5 27. g3 Nd4 28. Nxd4 cxd4 29. c5 Bxb3 30. axb3 Rd8 31. c6 d3 32. c7 Rd4 33. c8Q Kh6 34. Qf8+ 1-0

[Event "Chateauroux op 15th"]
[Site "Chateauroux"]
[Date "2014.10.27"]
[Round "4"]
[White "Triboulet, Benjamin"]
[Black "Budak, Rezan"]
[Result "0-1"]
[WhiteElo "1654"]
[BlackElo "1482"]
[PlyCount "148"]
[EventDate "2014.10.25"]
[EventType "swiss"]
[EventRounds "7"]
[EventCountry "FRA"]
[SourceTitle "EXT 2015"]
[Source "ChessBase"]
[SourceDate "2014.11.20"]
[SourceVersion "1"]
[SourceVersionDate "2014.11.20"]
[SourceQuality "1"]

1. e4 c5 2. Nf3 Nc6 3. d4 cxd4 4. Nxd4 e6 5. Nc3 Nf6 6. Ndb5 d6 7. Bd3 a6 8. Na3 Be7 9. Be3 b5 10. Ne2 Bb7 11. 0-0 Ne5 12. f3 d5 13. exd5 Nxd5 14. Bf2 0-0 15. c3 Rc8 16. Bb1 Bxa3 17. bxa3 Nc4 18. a4 Qa5 19. axb5 g6 20. bxa6 Bxa6 21. Re1 Rfd8 22. Qc1 Na3 23. Qh6 Rd7 24. Bd4 f5 25. Nf4 Nxf4 26. Qxf4 Rxc3 27. Bxc3 Qxc3 28. Bxf5 gxf5 29. Qg5+ Kh8 30. Rac1 Qd4+ 31. Qe3 e5 32. Qxd4 exd4 33. Re8+ Kg7 34. Ra8 Be2 35. Kf2 d3 36. Rxa3 d2 37. Rb1 d1Q 38. Rxd1 Bxd1 39. Ra8 Rd4 40. Ra7+ Kg6 41. Ra6+ Kg5 42. g3 Ra4 43. f4+ Kh5 44. Rxa4 Bxa4 45. h3 Kg6 46. g4 Bd1 47. Kg3 h6 48. Kh4 Bc2 49. Kg3 Ba4 50. Kh4 Be8 51. Kg3 Kf6 52. Kf3 Ke6 53. g5 hxg5 54. fxg5 Ke5 55. h4 Bh5+ 56. Ke3 f4+ 57. Kf2 Be8 58. Kf3 Kf5 59. a3 Bh5+ 60. Kf2 Bd1 61. Ke1 Ba4 62. Kf2 Be8 63. Kf3 Bc6+ 64. Kf2 Be4 65. a4 Kg4 66. a5 Kxh4 67. g6 Bxg6 68. Kf3 Kg5 69. a6 Be8 70. a7 Bc6+ 71. Kf2 Kg4 72. Ke1 Kg3 73. Kf1 Kf3 74. Kg1 Ke2 0-1

[Event "Chateauroux op 15th"]
[Site "Chateauroux"]
[Date "2014.10.26"]
[Round "3"]
[White "Kapala, Serge"]
[Black "Triboulet, Benjamin"]
[Result "1-0"]
[WhiteElo "1782"]
[BlackElo "1654"]
[PlyCount "125"]
[EventDate "2014.10.25"]
[EventType "swiss"]
[EventRounds "7"]
[EventCountry "FRA"]
[SourceTitle "EXT 2015"]
[Source "ChessBase"]
[SourceDate "2014.11.20"]
[SourceVersion "1"]
[SourceVersionDate "2014.11.20"]
[SourceQuality "1"]

1. d4 d5 2. c4 c6 3. Nf3 Nf6 4. Nc3 e6 5. Bg5 Be7 6. e3 Nbd7 7. Bd3 dxc4 8. Bxc4 b6 9. 0-0 Bb7 10. Qe2 b5 11. Bd3 a6 12. Rac1 Rc8 13. Rfd1 0-0 14. e4 c5 15. dxc5 Rxc5 16. Be3 Rc7 17. Bf4 Rc8 18. Bb1 b4 19. Na4 Qa5 20. b3 e5 21. Bg5 Bc6 22. Nb2 Bb5 23. Qe1 Bc5 24. a4 Bc6 25. Nc4 Qc7 26. Qe2 a5 27. h3 Nh5 28. Nfxe5 Nxe5 29. Qxh5 Nxc4 30. Rxc4 Qe5 31. Qg4 Bxa4 32. bxa4 Bxf2+ 33. Kxf2 Rxc4 34. Be3 Qb2+ 35. Kg1 Rc6 36. Bd4 Rg6 37. Qxg6 Qxd4+ 38. Rxd4 hxg6 39. Rd5 Rc8 40. Kh2 Ra8 41. Kg3 Kf8 42. Kf4 Ke7 43. g4 Rh8 44. Kg3 Ra8 45. h4 f6 46. Rb5 Ra7 47. Kf4 Ra8 48. e5 fxe5+ 49. Rxe5+ Kd6 50. Rb5 Rf8+ 51. Kg5 Rf1 52. Bxg6 Ra1 53. Rxa5 b3 54. Rb5 Rxa4 55. Rxb3 Ra5+ 56. Bf5 Ke7 57. Kg6 Ra7 58. Kxg7 Kd6+ 59. Kg6 Ke7 60. h5 Ra8 61. Rb7+ Kf8 62. h6 Ra6+ 63. Kh5 1-0

[Event "Chateauroux op 15th"]
[Site "Chateauroux"]
[Date "2014.10.26"]
[Round "2"]
[White "Triboulet, Benjamin"]
[Black "Zarebska, Lena"]
[Result "1-0"]
[WhiteElo "1654"]
[BlackElo "1201"]
[PlyCount "47"]
[EventDate "2014.10.25"]
[EventType "swiss"]
[EventRounds "7"]
[EventCountry "FRA"]
[SourceTitle "EXT 2015"]
[Source "ChessBase"]
[SourceDate "2014.11.20"]
[SourceVersion "1"]
[SourceVersionDate "2014.11.20"]
[SourceQuality "1"]

1. e4 c5 2. Nf3 d6 3. Bb5+ Bd7 4. Bxd7+ Nxd7 5. 0-0 Ngf6 6. Re1 g6 7. c3 Bg7 8. d4 0-0 9. Bg5 Qb6 10. Qc1 cxd4 11. cxd4 Rac8 12. Nc3 Rfe8 13. Qd2 Nb8 14. Bxf6 Bxf6 15. Nd5 Qc6 16. Rac1 Qa4 17. b3 Qa6 18. Nc7 Rxc7 19. Rxc7 Nc6 20. e5 Qb6 21. Rxc6 Qxc6 22. exf6 e6 23. Qh6 Rc8 24. Qg7# 1-0